[Event "EU-Cup 14th Group7"]
[Site "Belgrade"]
[Date "1998.11.09"]
[Round "2"]
[White "Alterman, Boris"]
[Black "Gelfand, Boris"]
[Result "1/2-1/2"]
[WhiteElo "2600"]
[BlackElo "2675"]
[Annotator "Alterman,B"]
[PlyCount "85"]
[EventDate "1998.11.07"]
[EventType "team-k.o."]
[EventRounds "3"]
[EventCountry "YUG"]
[SourceTitle "EXT 2020"]
[Source "ChessBase"]
[SourceDate "2019.10.17"]
[SourceVersion "1"]
[SourceVersionDate "2019.10.17"]
[SourceQuality "1"]
[WhiteTeam "Petah-Tikva Elitzur"]
[BlackTeam "Zemun Agrouniverzal"]
[WhiteTeamCountry "ISR"]
[BlackTeamCountry "SRB"]

1. d4 d5 2. c4 c6 3. Nf3 Nf6 4. e3 Bf5 5. Nc3 e6 6. Nh4 Bg6 (6... Bg4 7. Qb3
Qc7 8. h3 Bh5 9. g4 $14) 7. Qb3 Qb6 8. Nxg6 hxg6 9. Bd2 Nbd7 10. Be2 Be7 (10...
Qxb3 $14) (10... Qc7 11. h3 Nb6 {[P 12.c5 bd7, ...e5]} 12. Rc1 dxc4 13. Bxc4
Nxc4 14. Qxc4 Rd8 15. e4 Qd7 16. e5 Nd5 17. Bg5 f6 18. exf6 gxf6 19. Be3 Bd6
20. Ne4 Kf7 21. Qe2 Rde8 22. Qf3 Kg7 23. O-O Bb8 24. Rfe1 Qc7 25. Kf1 Qa5 26.
a3 f5 27. Nc3 Nxc3 28. bxc3 Qd5 {1/2-1/2 Guimard,C-O'Kelly de Galway,A/
Groningen 1946/MCL 01 (40)} (28... Qxa3 $40 {e.g.} 29. Bf4 {(P 30. a1)} Qe7 30.
Bxb8 Rxb8 31. d5 cxd5 32. Qxd5)) 11. Qc2 $1 O-O (11... Rc8 12. c5 Qc7 13. f4 b6
14. b4 g5 15. O-O gxf4 16. exf4 g6 17. Rae1 Kf8 18. Bd3 Kg7 19. Rf3 Rce8 20. h3
a5 21. a3 axb4 22. axb4 b5 23. Ne2 Ng8 24. g4 Bh4 25. Ref1 Ne7 26. Kg2 {
Dreev,A-Bareev,E/President's Cup, Elista RUS (5.5) 1998/1-0 (49)}) (11... dxc4
12. Bxc4 Rc8 13. O-O-O a6 14. Kb1 Qc7 15. e4 b5 16. Be2 c5 17. d5 exd5 18. Nxd5
Nxd5 19. exd5 Nf6 20. Bf3 Rd8 21. Bc3 Kf8 22. g3 Bd6 23. h4 b4 24. Bd2 {
1-0 Dreev,A-Bareev,E/President's Cup, Elista RUS (5.8) 1998 (33)}) 12. O-O c5
$6 (12... Rac8 13. c5 Qc7 14. f4 $14) 13. Na4 (13. dxc5 Nxc5) 13... Qc6 14.
Nxc5 Nxc5 15. cxd5 $5 (15. dxc5 Qxc5 16. Rfc1 $5 Rac8 $6 (16... dxc4 17. Qxc4
$14) 17. b4 Qc7 18. c5 Ne4 19. Be1 $16) 15... Nxd5 (15... Qa4 16. b3) 16. dxc5
Qxc5 17. Qxc5 Bxc5 18. Bf3 Rfd8 19. Rfc1 $1 {[%cal Gg1f1,Gf1e2,Yd2e1]} Rac8 (
19... Bb4 20. Bxb4 Nxb4 21. Bxb7 Rab8 22. Rc7 Nxa2 23. g3 Nb4 24. Rxa7 Rd2 25.
Be4 Rf8 26. Bxg6 $18) 20. Kf1 Bb4 (20... Kf8 21. a3) 21. Rxc8 (21. Bxb4 $2 Nxb4
22. Bxb7 (22. Rxc8 Rxc8 23. Bxb7 Rc2 24. a3 Nd3 25. Be4 Rxf2+ 26. Kg1 Rd2)
22... Rxc1+ 23. Rxc1 Rd2 24. a3 Nd3 25. Rc8+ Kh7) 21... Rxc8 22. Rc1 Rxc1+ (
22... Rd8 23. Bxb4 Nxb4 24. a3 Nd5 (24... Nd3 25. Rd1 Rd7 26. Be4 Ne5 27. Rxd7
Nxd7 28. Bxb7 $18) 25. Bxd5 $5 (25. Rd1 Rd7 26. Bxd5 Rxd5 $1 (26... exd5 27.
Rc1 f6 28. Rc8+ Kf7 29. Ke2 Ke6 30. Kd3 Kd6 31. Kd4 $16) 27. Rxd5 exd5 28. Ke2
Kf8 29. Kd3 Ke7 30. Kd4 (30. e4) 30... Kd6 31. h4 (31. e4 $1 dxe4 32. Kxe4 Kc5
$1 (32... Ke6 33. h4) 33. b3 (33. Ke5 $2 Kc4 34. Kd6 Kb3 35. Kc7 Kxb2 36. Kxb7
a5 $19) 33... a5 34. h4 b5 35. f4 a4 36. bxa4 bxa4 37. Kd3 Kd5 38. Kc3 Kc5 39.
g4 f5 40. g5 Kd5 $11 41. Kb4 $2 Ke4) 31... f5 32. f3 (32. b4) 32... b6 (32...
a5 33. e4 $1 dxe4 34. fxe4 fxe4 35. Kxe4 Ke6 36. Kf4 Kf6 37. a4 $18) 33. g3 (
33. g4 Ke6 34. b4 Kd6 35. a4 Ke6 $11) 33... Ke6 34. b4 (34. e4 dxe4 35. fxe4
Kd6 (35... a5 $2 36. a4 Kd6 37. e5+ Ke6 38. b3 g5 39. hxg5 g6 40. Kc4 Kxe5 41.
Kb5 Ke4 42. Kxb6 Kf3 43. Kxa5 Kxg3 44. b4 f4 45. b5 f3 46. b6 f2 47. b7 f1=Q
48. b8=Q+ Kg4 49. Qb5 $14) 36. e5+ Ke6 37. a4 a6 38. b4 a5 39. b5 $11 (39. bxa5
bxa5 40. Kc5 Kxe5 41. Kb5 Ke4 42. Kxa5 Kf3 43. Kb6 Kxg3 44. a5 f4 $17)) 34...
Kd6 35. a4 Ke6 (35... a6 36. e4 dxe4 37. fxe4 fxe4 38. Kxe4 a5 39. bxa5 bxa5
40. Kd4 Ke6 41. Kc5 Kf5 42. Kb5 Kg4 43. Kxa5 Kxg3 44. Kb5 Kxh4 45. a5 $18) 36.
e4 dxe4 37. fxe4 a6 38. e5 $6 a5 39. b5 (39. bxa5 $2 bxa5 40. Kc5 Kxe5 41. Kb5
Ke4 42. Kxa5 Kf3 43. Kb6 Kxg3 44. a5 f4 $17) 39... g5 40. hxg5 g6 41. Kd3 Kxe5
42. Ke3 $11) (25. Ke2 Kf8 26. Bxd5 Rxd5 27. Rc7 (27. Rc8+ $5 Ke7 28. Rc7+ Rd7
29. Rxd7+ Kxd7 30. Kd3 Kd6 31. Kd4) 27... Rb5 28. b4 a5 $11) (25. e4 $5 Nf6 26.
Rc7 Rd7 27. Rc8+ Kh7 28. Ke2 b6 $14) 25... Rxd5 26. Rc8+ Kh7 27. Rc7 Rb5 28.
Rxf7 Rxb2 29. a4 $5 Kg8 (29... Rb6 30. Re7 Kg8 31. a5 Ra6 32. Rxb7 Rxa5 33. Ke2
$16) 30. Re7 Rb6 31. a5 Ra6 32. Rxb7 Rxa5 33. Re7 Ra6 34. Ke2 Kf8 35. Rc7 $16
Ra4 36. Kf3 a5 37. Ra7) 23. Bxc1 $16 Kf8 24. a3 Bd6 25. g3 (25. e4 $2 Bf4 $1
$11) 25... b6 26. Ke2 Ke7 27. Kd3 b5 $1 28. Bd1 Nb6 29. f4 Nd7 $1 30. Bf3 Nc5+
31. Kc2 Kd7 32. Bd2 (32. e4 f5 33. e5 Bc7 34. Be3 Bb6 35. b3 Kc7 $14) 32... e5
33. Bd5 f6 34. Bf7 $6 (34. h4 $1 exf4 $8 (34... Ke7 35. Bc6 a6 36. b4 Ne6 37.
Bb7 Nc7 38. g4 $16) 35. exf4 (35. gxf4 Ne6 36. Kd3 f5 $1 37. Bc3 Be7) 35... g5
36. fxg5 (36. hxg5 fxg5 37. fxg5 (37. b4 Ne6 38. fxg5 Bxg3 39. Be3 Kd6 $14)
37... Bxg3 38. Bc3 Kd6 $1 $11) 36... fxg5 37. Bxg5 $1 Bxg3 38. h5 Kd6 39. Bf3
Be5 40. Be3 $16) 34... g5 35. fxg5 (35. f5 $1) 35... fxg5 36. Bd5 Be7 37. g4
Kd6 38. Bg2 Bd8 39. b4 $6 (39. Bb4 $14) 39... Nd7 $1 $11 40. Bf1 Kc6 41. Bg2+
Kd6 42. Bf1 Kc6 43. Bg2+ 1/2-1/2

[Event "Bundesliga 9899"]
[Site "Germany"]
[Date "1999.02.20"]
[Round "10.2"]
[White "Alterman, Boris"]
[Black "Slobodjan, Roman"]
[Result "0-1"]
[WhiteElo "2615"]
[BlackElo "2535"]
[Annotator "Alterman,B"]
[PlyCount "78"]
[EventDate "1998.10.17"]
[EventType "team-tourn"]
[EventRounds "15"]
[EventCountry "GER"]
[SourceTitle "CBM 069"]
[Source "ChessBase"]
[SourceDate "1999.04.01"]
[SourceVersion "1"]
[SourceVersionDate "1999.04.01"]
[SourceQuality "1"]
[WhiteTeam "Bochum"]
[BlackTeam "Magdeburg USC"]
[WhiteTeamCountry "GER"]
[BlackTeamCountry "GER"]

1. d4 d5 2. c4 c6 3. Nf3 Nf6 4. e3 Bf5 5. Nc3 e6 6. Nh4 Be4 7. f3 Bg6 8. Qb3
Qb6 (8... Qc7 9. Bd2 (9. Nxg6 hxg6 10. f4 Nbd7 11. Be2 Bd6 12. Bd2 dxc4 $1 13.
Bxc4 b5 14. Be2 b4 $1 15. Na4 c5 $15 {Shevelev,S-Gentilleau,T/Cannes/1993/}) (
9. g3 Nbd7 10. Bd2 Nb6 $1 11. Nxg6 hxg6 12. cxd5 exd5 13. O-O-O $11 {Malaniuk,
V-Gurevich,M/Groningen/1993/0,5/13/}) 9... Nbd7 (9... Bd6 10. cxd5 (10. O-O-O
$14) (10. Nxg6 hxg6 11. f4 Nbd7 12. Be2 g5 13. c5 Be7 14. fxg5 Nh5 15. O-O-O
Bxg5 16. Rdf1 b6 17. cxb6 Qxb6 18. Rf3 {1/2-1/2 Guimard,C-Czerniak,M/Buenos
Aires Circulo 1945/HCL 24 (40)}) 10... exd5 11. O-O-O $1 Nbd7 (11... Bxh2 $6
12. f4 $16) 12. e4 Be7 $1 (12... dxe4 13. Nxg6 hxg6 14. fxe4 $16) 13. e5 $2 (
13. exd5 $32 cxd5 14. Nxg6 hxg6 15. Kb1 $14) 13... Nh5 $1 14. Nxg6 $8 hxg6 15.
Bd3 (15. g4 $2 Ng3) 15... g5 (15... O-O-O 16. g4 $18) 16. Ne2 Nf8 $1 17. g4 $6
(17. Kb1 Ne6 18. g3 $11) 17... Nf4 18. Nxf4 (18. Bxf4 gxf4 19. Nxf4 $2 Bg5)
18... gxf4 19. Bxf4 Ne6 20. Be3 (20. Bg3 Nxd4 21. Qa4 Nxf3 $1 22. e6 Bf6 23.
exf7+ Kf8 $17) 20... Rh3 $1 $15 {1/2-1/2 Shipov,S-Kobalija,M/St.Petersburg op2
1994/EXP 43/[Shipov] (41)}) (9... Be7 $5) 10. cxd5 $5 exd5 11. O-O-O {/\ e4})
9. Nxg6 (9. Bd2 Nbd7 10. O-O-O Be7 11. Be2 Rc8 12. Nxg6 hxg6 13. Kb1 Qxb3 14.
axb3 a6 15. Rc1 O-O 16. f4 Bb4 17. Bf3 Bxc3 18. Bxc3 Ne4 19. Bb4 Rfe8 20. Rc2
$14 {Nenashev,A-Frendzas,P/7th Open Chania 1997/EXT 97}) 9... hxg6 (9... fxg6
10. g3 Nbd7 11. Bd2 Bd6 12. Kf2 Qc7 13. f4 {1/2-1/2 Blagojevic,N-Certic,B/
JUG-chT Niksic 1997/EXP 59}) 10. Bd2 (10. c5 $2 Qc7 11. e4 dxe4 12. fxe4 Nbd7 {
/\ e5} 13. e5 Nxe5 14. dxe5 Qxe5+ 15. Ne2 O-O-O 16. Bf4 Qxc5 $17) (10. g3 Nbd7
11. Bd2 Bd6 12. f4 O-O 13. c5 Qxb3 14. axb3 Be7 15. b4 a6 16. Bd3 Nh7 17. g4 {
1/2-1/2 Piskov,Y-Blagojevic,D/YUG-Cup 1994 (27)}) 10... Nbd7 (10... Bd6 11.
O-O-O Qxb3 12. axb3 Rxh2 13. Rxh2 Bxh2 14. f4 Nbd7 15. Be2 O-O-O 16. Rh1 Rh8
17. g4 Ne4 18. Nxe4 dxe4 19. b4 $44 {ץh2}) 11. Be2 (11. Bd3 Be7 12. Qxb6 axb6
13. O-O dxc4 14. Bxc4 b5 15. Bb3 O-O 16. Ne2 Rfd8 17. Rad1 Nb6 18. e4 Nc4 19.
Bc1 Nd7 20. a4 Na5 21. Bc2 b4 22. Bf4 b3 23. Bd3 e5 24. Bxe5 Nxe5 $132 {
Chatalbashev,B-Meduna,E/Komercni Banka op 1997/EXP 59}) (11. O-O-O Qxb3 12.
axb3 Bd6 13. h3 a6 (13... Nh5 $5 14. Bd3 Ng3 15. Rhe1 O-O 16. cxd5 cxd5 17. e4
dxe4 18. fxe4 e5 19. Nb5 Be7 $13) 14. Bd3 Rc8 15. c5 $6 (15. Kb1 c5 16. cxd5
exd5 17. dxc5 Bxc5 18. e4 $1 Ne5 19. Bc2 d4 20. Bf4 Nxf3 21. gxf3 dxc3 22. bxc3
$14) 15... Bc7 16. b4 (16. f4 Ba5 17. Kb1 Bxc3 18. bxc3 Ne4 $11) 16... e5 17.
g4 {= Chuchelov,V-Dautov,R/Deutschland 1996/Inf 67/[Dautov,R] (17)}) 11... Bd6
(11... Be7 12. O-O (12. Qxb6 axb6 13. cxd5 cxd5 14. Bb5 Ra5 15. Ke2 Bb4 16. Bd3
O-O 17. a3 Be7 18. Rac1 Raa8 19. Bb5 Rfc8 20. Na4 Bd8 21. Bb4 Nf8 22. g4 N6d7
23. Bd6 f6 24. h4 Kf7 25. Kd2 Kg8 26. Rxc8 Rxc8 27. Rc1 {1-0 Kalinitschew,
S-Spassov,L/Wuerzburg op 1992/EXT 92op (41)}) 12... Rd8 13. Rad1 Qc7 14. g3
dxc4 15. Bxc4 Nb6 16. Bc1 Nxc4 17. Qxc4 a6 18. e4 b5 19. Qe2 O-O 20. Be3 c5 21.
dxc5 Bxc5 22. a3 Nd7 23. Bxc5 Qxc5+ 24. Qf2 Qc6 $11 {Savchenko,S-Morozevich,A/
RUStch Maikop 1998}) 12. f4 (12. O-O-O Qxb3 13. axb3 Bxh2 14. e4 dxe4 15. fxe4
e5 $13) 12... Rc8 $5 (12... Qxb3 13. axb3 Bb4 14. O-O $14) 13. O-O Qxb3 (13...
O-O $5 14. Rad1 (14. c5 Qxb3 15. axb3 Bb8 16. g4 Nh7 $14) 14... c5 15. Qxb6
Nxb6 16. cxd5 Nbxd5 (16... cxd4 17. Nb5 $16) 17. Nxd5 exd5 $11) 14. axb3 a6 15.
Bf3 $1 {White has the better endgame and starts to play on the King side.} (15.
Bd3 c5 16. cxd5 exd5 $11) 15... Bb8 16. g4 Nb6 17. g5 $6 {Too early. I
overlooked the next strong answer.} (17. Be2 $1 c5 (17... Ne4 18. Nxe4 dxe4 19.
Kg2 f5 20. h3) 18. g5 $16) 17... Ng8 $1 (17... Nfd7 18. c5 Na8 19. e4 dxe4 20.
Nxe4 $36) 18. cxd5 (18. e4 dxe4 19. Bxe4 Ne7) 18... cxd5 (18... exd5 19. e4 (
19. Na4 Nxa4 20. bxa4 Ne7 $15) 19... dxe4 20. Nxe4 (20. Bxe4 Ne7 21. Rae1 O-O
$15) 20... Ne7 21. Nc5 Rc7 22. Rae1 $1 (22. Ba5 Ba7 23. Na4 Nec8 24. Rae1+ Re7
25. Bb4 Rxe1 26. Rxe1+ Kd7) 22... O-O $6 23. Ba5 Ba7 24. Na4 Nec8 25. Bg4 $16 {
[%cal Ga5d8,Rg4c8,Ya4b6]}) 19. e4 Ne7 20. exd5 Nbxd5 21. Nxd5 Nxd5 22. Bxd5
exd5 23. Ra5 (23. Rfe1+ Kd7 24. Ra5 Ba7 $1 25. Be3 (25. Bc3 Kc6 26. Re7 Bb6 27.
Ra1 Rc7 28. Re5) 25... Rc2 26. Rxd5+ Kc8) 23... Rc2 $6 (23... Rh3 $1 24. Re1+ (
24. Bb4 Re3 $1 (24... Rc6 25. Rxd5 Rxb3 26. Bc3) 25. Rxd5 Rc2 $44) (24. Bc3 Rd8
) 24... Kf8 25. Rxd5 Rxb3) (23... Rd8 $2 24. Re1+ Kf8 25. Kg2 $36) 24. Rxd5 $1
{[%cal Rf1e1]} O-O 25. Bc3 Re8 26. Rf2 (26. Rf3 $5 f6 $1 (26... Rc1+ 27. Kg2
Rc2+ 28. Kg3) 27. gxf6 gxf6 28. Rd7 g5 29. fxg5 Bxh2+ 30. Kf1 fxg5 31. d5 Be5
$14) 26... Rxf2 27. Kxf2 Bxf4 28. h4 f6 29. Kf3 (29. gxf6 $1 gxf6 30. Rd7 b5
31. d5 Be5 32. d6 Kf8 33. Bb4 Ra8 34. Rb7 $16) 29... Bc1 30. gxf6 gxf6 31. Rd7
Re3+ 32. Kf2 Rh3 33. d5 Bxb2 34. Bxb2 Rh2+ 35. Ke3 Rxb2 36. Rxb7 Kf8 37. Kd4
Ke8 38. d6 $6 (38. Kc5 f5 39. Kd6 a5 $1 40. Ke6 (40. Rb5 f4) (40. Rb8+ Kf7 41.
Rb5 f4 42. Rxa5 Rxb3 43. Ra4 f3 44. Rf4+ Kg7 45. Ke5 g5 46. hxg5 Kg6 47. d6 Rd3
$11) 40... Re2+ 41. Kf6 f4 $11) 38... Kd8 39. Kd5 f5 $138 {In this moment I
had 3 minutes left and was sure that I made a control move, and started to
think about my next 41th move . It was a very unpleasent surprise when my
opponent said that I lost on time, because we made only 39 moves. Only here I
say that didn't write my 30th move . Bad luck! So the match Bochum-Magdeburg
finished 4-4, now we can see how important was this game . After 40.Rg7 Rd2!
Black has good drawing chances.} 0-1

[Event "Interzonal-16"]
[Site "Biel"]
[Date "1993.??.??"]
[Round "8"]
[White "Salov, Valery"]
[Black "Bareev, Evgeny"]
[Result "0-1"]
[WhiteElo "2685"]
[BlackElo "2660"]
[Annotator "Ambroz,J"]
[PlyCount "62"]
[EventDate "1993.07.16"]
[EventType "swiss"]
[EventRounds "13"]
[EventCountry "SUI"]
[SourceTitle "CBM 037"]
[Source "ChessBase"]
[SourceDate "1993.12.01"]
[SourceVersion "1"]
[SourceVersionDate "1993.12.01"]
[SourceQuality "1"]

1. d4 {Hertneck Bareev} d5 2. c4 c6 3. Nf3 Nf6 4. e3 Bf5 5. Qb3 (5. Bd3 $5 Bxd3
6. Qxd3 e6 7. Nc3 Nbd7 8. O-O Bb4 9. Bd2 a5 $5 {Panno-Ilescas Cordoba, B.Aires
1993}) (5. cxd5 {Hertneck} cxd5 6. Qb3) 5... Qb6 (5... Qc7 $5 6. Nc3 e6 7. Bd2
Nbd7 8. Rc1 Qb6 $1 9. Nh4 (9. Be2 h6 $5 {Capablanca-Schlechter, San Sebastian
1911}) 9... Bg6 10. Nxg6 hxg6 $10 {Adams-Hodgson, Wijk aan Zee 1993}) 6. cxd5 (
6. c5 Qc7 $1 7. Bd3 e6 $10 (7... e6 {Hertneck} 8. O-O Nbd7 $10 {Rivas,M-Ree,H/
Hastings/1981/ECO D12/n.1})) (6. Nc3 $143 e6) 6... Qxb3 (6... cxd5 7. Qxb6 axb6
8. Nc3 Nc6 9. Bd2 $14 Nb4 10. Bb5+ Bd7 11. Ke2) 7. axb3 Nxd5 8. Nc3 (8. Bd2 {
Hertneck} e6 9. Bc3) 8... Nb4 9. Kd2 (9. e4 Nc2+ 10. Kd1 Nxa1 $19) (9. Ra4 e6 (
9... Nd3+ 10. Bxd3 Bxd3 11. e4 Bc2 12. Kd2 $14 (12. Ra3 e6) 12... Bxb3 (12...
b5 13. Ra3 b4 14. Ra4 Bxb3 15. Rxb4) 13. Rb4) 10. e4 Bg6 11. Ne5 Nd7 $10 12.
Nxg6 hxg6 $36) 9... Nd7 (9... e6 {Bareev} 10. e4 Bg6 11. Ne5 $14) 10. Nh4 Bg6 (
10... Bc2 {Bareev} 11. Na2 $1 Nxa2 12. Kxc2 Nxc1 $10) 11. Nxg6 hxg6 {<-> h} 12.
Bc4 (12. Na2 e5 13. Nxb4 Bxb4+ 14. Kc2) 12... a6 13. Na2 (13. Ke2 {Bareev} b5
14. Bd3 Nxd3 15. Kxd3 O-O-O $15) 13... e5 $1 14. Nxb4 Bxb4+ 15. Kc2 (15. Kd3 $5
{Hertneck}) 15... exd4 $1 16. exd4 Nb6 17. Bf4 (17. Bd2 $1 Bxd2 (17... Be7 18.
Rae1) 18. Kxd2 Nd5 $5 (18... Rd8 19. Kc3 $1 (19. Rae1+ Kf8 20. Kc3 Rh4 21. Rd1
Nd5+ $1 22. Bxd5 (22. Kc2 Nb4+ 23. Kc3 Na2+ 24. Kc2 Rhxd4) 22... Rxd5 23. h3
Rf4 24. Rd2 (24. f3 c5) 24... c5 25. Rhd1 (25. dxc5 Rxc5+ 26. Kd3 Rd5+ 27. Ke3
Rxd2 28. Kxd2 Rxf2+ $19) 25... Rdxd4 26. Rxd4 cxd4+ 27. Rxd4 Rxf2 $17) 19...
Rh4 20. Rad1 Nd5+ 21. Bxd5 Rxd5 22. h3 Rf4 23. Rhe1+ $1 Kf8 (23... Kd7 24. f3
c5 $2 25. dxc5) 24. f3 c5 25. Re4 $10) (18... O-O-O 19. Bxf7 Rhf8 20. Be6+ (20.
Bxg6 $143 Rxf2+) 20... Kc7 21. f3 Rxd4+ 22. Kc2 (22. Kc3 Rfd8) 22... Rfd8 23.
Rad1 $10) 19. Rae1+ (19. Bxd5 cxd5 20. Rhe1+ Kd7 21. Re5 Kd6 $15 (21... Rxh2
22. Rxd5+ Kc6 23. Rc5+ {/\ Rg5}) 22. Ra5 b6 $1 $17) 19... Kd7 20. h4 $10) 17...
Kd7 (17... O-O-O {Hertneck} 18. Bxf7 $16) 18. Rad1 (18. Bg3 {Bareev} Nd5 19.
Bxd5 cxd5 20. Kd3 $10) (18. Bxf7 $4 {Hertneck} Raf8 $19) 18... Rae8 19. Bg3 $2
(19. Kd3 $142 Re7 (19... Nd5 {Bareev} 20. Bxd5 cxd5 21. h4 $10) 20. h4 Rhe8 21.
Be3 Na8 $5 {/\ b7-b5} (21... Nd5) 22. Kc2 (22. Bd2 a5 $5) 22... Nc7 23. Bd2 Bd6
$15 24. h5 gxh5 25. Rxh5 b5 26. Bd3 g6 27. Rh7 Ne6 28. Be3 Bf4 $5 (28... f5 29.
Rxe7+ {/\ 30.g3})) (19. d5 {Bareev} Nxc4 20. bxc4 Re4 (20... Re2+ {Hertneck}
21. Kb3 Bc5 $17) 21. Bg3 (21. Be3 Rxc4+ 22. Kb3 b5 23. dxc6+ Kxc6 24. Rc1 Rhh4
$19) 21... Rxc4+ 22. Kb3 b5 23. dxc6+ Kxc6 24. Rc1 Rxc1 25. Rxc1+ Bc5 $19) (19.
Be3 {Bareev} Nd5 20. Bxd5 $15 (20. Kd3 Nxe3 21. fxe3 Re7 22. Ke2 Rh4 $2 (22...
Rhe8 $1 $17) 23. Bd3 Bd6 24. Kf3 $10)) 19... Nxc4 20. bxc4 Re2+ 21. Kc1 (21.
Kd3 {Bareev} Rxb2 22. Rb1 Rxb1 23. Rxb1 a5 $19) (21. Kb3 {Bareev} Bd6 $1 $19 (
21... Bd2 $15 {Hertneck})) 21... b5 $1 22. d5 c5 23. cxb5 axb5 24. Rd3 Ra8 25.
Kb1 c4 26. Rf3 (26. Re3 $142 Rd2 $17 (26... Rxe3 27. fxe3 Re8 $17 28. Rf1 (28.
Bf2 Bd2) (28. Bf4 Bd2 29. Rf1 f6 30. Rf3 g5) 28... f6 29. Rf3 Bc5 30. Bf2 Re5 (
30... g5 $19 {Bareev}))) 26... f6 27. Rd1 Bc5 $1 $19 {/\ b4-b3} 28. b3 (28. h4
b4 29. Rf4 (29. Rc1 b3 30. Rxc4 Re1+ 31. Rc1 Ra1+ 32. Kxa1 Rxc1#) 29... c3)
28... Raa2 29. bxc4 bxc4 30. Re1 (30. Rc3 {Bareev} Bb4 31. Rxc4 Reb2+ 32. Kc1
Ba3 $19) 30... Reb2+ 31. Kc1 Bd4 0-1

[Event "Hoogovens"]
[Site "Wijk aan Zee"]
[Date "1990.01.??"]
[Round "2"]
[White "Andersson, Ulf"]
[Black "Van der Wiel, John"]
[Result "1-0"]
[WhiteElo "2630"]
[BlackElo "2550"]
[Annotator "Anand,V"]
[PlyCount "97"]
[EventDate "1990.01.??"]
[EventType "tourn"]
[EventRounds "13"]
[EventCountry "NED"]
[EventCategory "13"]
[SourceTitle "CBM 017"]
[Source "ChessBase"]
[SourceDate "1990.08.01"]
[SourceVersion "1"]
[SourceVersionDate "1990.08.01"]
[SourceQuality "1"]

1. Nf3 {Ftacnik} d5 2. d4 Nf6 3. c4 c6 4. e3 Bf5 5. Bd3 Bxd3 6. Qxd3 e6 7. O-O
Nbd7 8. Nc3 Be7 (8... Bb4 9. Bd2 Bxc3 10. Bxc3 O-O 11. Nd2 Rc8 {Andersson-Van
der Wiel Haninge 1989.}) 9. e4 dxe4 10. Nxe4 Nxe4 11. Qxe4 O-O 12. Bf4 Qa5 13.
Rfd1 Rfd8 14. h3 Rac8 15. a4 $5 {White is trying to gain space on the
queenside but it does weaken his pawns.} Nf6 16. Qe2 Qf5 17. Be3 c5 (17... h6
$5) (17... h6 $5 {Ftacnik}) 18. dxc5 Bxc5 19. Rxd8+ Rxd8 20. Rd1 $1 (20. Bxc5
$2 Qxc5 $15) 20... Rxd1+ 21. Qxd1 h5 (21... h6 $2 22. g4 Nxg4 23. Bxc5 $1 $16)
22. Qd8+ Kh7 23. Qc7 Ne4 (23... Bxe3 24. fxe3 Qd3 $14) 24. Ng5+ Kg6 25. Nxe4
Bxe3 26. Qg3+ Bg5 27. h4 Qxe4 28. Qxg5+ Kh7 29. Qxh5+ Kg8 30. g3 Qxc4 31. Qb5
Qc8 32. a5 a6 33. Qb6 Qd7 $10 34. Qc5 f6 35. Kg2 Kf7 36. g4 e5 {This move is
not a mistake but it is preferable to avoid it as the black king is more
exposed} 37. Qc4+ Qe6 38. Qe4 Qb3 (38... Qe7 $1 $14) (38... Qe7 $1 $14 {Ftacnik
}) 39. h5 Kf8 40. g5 $1 fxg5 $4 (40... Qf7 $16) (40... Qf7 $16 {Ftacnik}) 41.
Qf3+ $1 $18 Qf7 (41... Qxf3+ 42. Kxf3 Kf7 43. Kg4 Kf6 44. f3 $18) 42. Qxf7+
Kxf7 43. Kf3 e4+ 44. Kg4 Kf6 45. b3 Kf7 46. Kxg5 Kg8 47. Kg6 Kh8 48. h6 Kg8 49.
hxg7 1-0